[Event "Scarborough CC-ch Reserves U1400"]
[Site "Toronto CAN"]
[Date "2012.03.22"]
[Round "1"]
[White "Liu, Daniel1"]
[Black "Souchko, Larissa"]
[Result "1-0"]
[WhiteElo "1022"]
[BlackElo "1054"]
[PlyCount "66"]
[GameId "2160767909510231"]
[EventDate "2012.03.22"]
[EventType "swiss"]
[EventRounds "9"]
[EventCountry "CAN"]
[SourceTitle "EXT 2022"]
[Source "ChessBase"]
[SourceDate "2021.10.06"]
[SourceVersion "1"]
[SourceVersionDate "2021.10.06"]
[SourceQuality "1"]

1. e4 c5 2. Nf3 e6 3. Nc3 Nc6 4. d4 cxd4 5. Nxd4 a6 6. Nxc6 bxc6 7. Qf3 d6 8. Bd3 g6 9. O-O Bg7 10. Re1 e5 11. a3 Nf6 12. h3 O-O 13. Ne2 Re8 14. Ng3 d5 15. Bg5 h6 16. Bxf6 Qxf6 17. Qxf6 Bxf6 18. c3 a5 19. b4 axb4 20. axb4 Bb7 21. c4 d4 22. c5 h5 23. Bc4 h4 24. Ne2 Rab8 25. Ra7 Re7 26. f4 Rd8 27. Rd1 g5 28. f5 Kh7 29. Ba6 Bxa6 30. Rxa6 Rb8 31. Rxc6 Bh8 32. b5 Kg7 33. g3 Kg8 1-0

[Event "Scarborough CC-ch Reserves U1400"]
[Site "Toronto CAN"]
[Date "2012.03.22"]
[Round "1"]
[White "Marcelino, Daryl"]
[Black "Mahoney, Sean"]
[Result "0-1"]
[WhiteElo "911"]
[BlackElo "958"]
[PlyCount "76"]
[GameId "2160767909510232"]
[EventDate "2012.03.22"]
[EventType "swiss"]
[EventRounds "9"]
[EventCountry "CAN"]
[SourceTitle "EXT 2022"]
[Source "ChessBase"]
[SourceDate "2021.10.06"]
[SourceVersion "1"]
[SourceVersionDate "2021.10.06"]
[SourceQuality "1"]

1. e4 e5 2. d4 exd4 3. Qxd4 Nc6 4. Qe3 Be7 5. Bc4 Nh6 6. Nc3 O-O 7. Qg3 Bd6 8. f4 Be7 9. Be3 Bh4 10. Qxh4 Qxh4+ 11. g3 Qe7 12. Nd5 Qxe4 13. Bb3 Qxh1 14. O-O-O Qxh2 15. Bc5 Rd8 16. Nf3 Qxg3 17. Ng5 Qxf4+ 18. Nxf4 d6 19. Bg1 Re8 20. Nd5 Re5 21. Be3 Bd7 22. Rf1 Nf5 23. Bf4 Re2 24. Nxc7 Rf8 25. Bc4 Re7 26. Bd3 Nb4 27. Bxf5 Bxf5 28. Bxd6 Rxc7 29. Bxc7 Rc8 30. Re1 Nxa2+ 31. Kb1 Nb4 32. Re7 Bxc2+ 33. Kc1 Bg6 34. Kd2 Nd5 35. Rd7 Nxc7 36. Kc3 Ne6+ 37. Kb3 Nc5+ 38. Ka3 Nxd7 0-1

[Event "Scarborough CC-ch Reserves U1400"]
[Site "Toronto CAN"]
[Date "2012.03.22"]
[Round "1"]
[White "Pakerathan, Thurvan"]
[Black "Magee, Bruce"]
[Result "1-0"]
[WhiteElo "947"]
[BlackElo "858"]
[PlyCount "79"]
[GameId "2160767909510233"]
[EventDate "2012.03.22"]
[EventType "swiss"]
[EventRounds "9"]
[EventCountry "CAN"]
[SourceTitle "EXT 2022"]
[Source "ChessBase"]
[SourceDate "2021.10.06"]
[SourceVersion "1"]
[SourceVersionDate "2021.10.06"]
[SourceQuality "1"]

1. e4 e5 2. Nf3 d6 3. h3 Nf6 4. Nc3 a6 5. Be2 Nc6 6. O-O Be6 7. Re1 d5 8. d4 Bd6 9. exd5 Bxd5 10. Bg5 Bxf3 11. Bxf3 h6 12. Bxc6+ bxc6 13. Bf4 e4 14. Bxd6 Qxd6 15. Nxe4 Nxe4 16. Rxe4+ Kf8 17. Qd3 Re8 18. Rae1 Rxe4 19. Rxe4 h5 20. Qxa6 g6 21. Qc8+ Kg7 22. Qb7 f5 23. Re1 Kh6 24. c3 Rh7 25. Qb4 Qd5 26. Qb3 Rd7 27. Qxd5 cxd5 28. a4 c6 29. Re6 Ra7 30. Rxc6 Rxa4 31. Rc5 Ra2 32. b4 Rc2 33. Rxd5 Rxc3 34. b5 Rb3 35. Rc5 f4 36. d5 Kg5 37. d6+ Kh4 38. d7 g5 39. d8=Q Rb1+ 40. Kh2 1-0

[Event "Scarborough CC-ch Reserves U1400"]
[Site "Toronto CAN"]
[Date "2012.03.22"]
[Round "1"]
[White "Paraparan, Varshini"]
[Black "Azizi, Hamid"]
[Result "0-1"]
[WhiteElo "1141"]
[BlackElo "1367"]
[PlyCount "91"]
[GameId "2160767909510234"]
[EventDate "2012.03.22"]
[EventType "swiss"]
[EventRounds "9"]
[EventCountry "CAN"]
[SourceTitle "EXT 2022"]
[Source "ChessBase"]
[SourceDate "2021.10.06"]
[SourceVersion "1"]
[SourceVersionDate "2021.10.06"]
[SourceQuality "1"]

1. e4 c6 2. d4 d6 3. Nf3 Bg4 4. Be2 Nd7 5. O-O e6 6. h3 Bh5 7. Nh2 Bg6 8. Bf3 h5 9. Re1 Qc7 10. Nc3 Ne7 11. d5 Ne5 12. Bf4 O-O-O 13. dxc6 bxc6 14. a4 Rd7 15. b4 Kd8 16. Re3 Nc4 17. Re2 e5 18. Be3 f5 19. b5 Nxe3 20. Rxe3 f4 21. Rd3 Bf7 22. bxc6 Nxc6 23. Nb5 Qa5 24. Nxd6 Bxd6 25. Rxd6 Nd4 26. Rxd7+ Kxd7 27. Qd3 Rc8 28. Be2 Bc4 29. Qd1 Bxe2 30. Qb1 Ba6 31. Qd1 Be2 32. Qb1 g6 33. Qb7+ Rc7 34. Qb1 Qc3 35. Qa2 Bc4 36. Qb1 Nxc2 37. Qd1+ Qd4 38. Qxd4+ Nxd4 39. Rd1 Bb3 40. Rd3 Ke6 41. a5 Rc1+ 42. Nf1 Bc4 43. Rd2 f3 44. Kh2 fxg2 45. Kxg2 Bxf1+ 46. Kg3 0-1

[Event "Scarborough CC-ch Reserves U1400"]
[Site "Toronto CAN"]
[Date "2012.03.22"]
[Round "1"]
[White "Patel, Saiyam"]
[Black "Magee, Michael"]
[Result "0-1"]
[WhiteElo "871"]
[BlackElo "950"]
[PlyCount "75"]
[GameId "2160767909510235"]
[EventDate "2012.03.22"]
[EventType "swiss"]
[EventRounds "9"]
[EventCountry "CAN"]
[SourceTitle "EXT 2022"]
[Source "ChessBase"]
[SourceDate "2021.10.06"]
[SourceVersion "1"]
[SourceVersionDate "2021.10.06"]
[SourceQuality "1"]

1. e3 c5 2. Nc3 d6 3. Nf3 Nf6 4. Bd3 g6 5. O-O Bg7 6. b3 O-O 7. Bb2 Nc6 8. Ne1 Be6 9. Qf3 Qd7 10. Qg3 Nh5 11. Nf3 Nxg3 12. hxg3 Nb4 13. Bb5 Qc8 14. a3 Nxc2 15. Rac1 a6 16. Be2 Bxb3 17. d4 cxd4 18. Nxd4 Nxd4 19. exd4 Bxd4 20. Na4 Qd7 21. Bxd4 Qxa4 22. Rb1 Qxd4 23. Rxb3 b5 24. Bf3 Rac8 25. Rd1 Qb6 26. a4 Rfd8 27. Be2 e6 28. axb5 a5 29. Bg4 Rc5 30. Re1 Rxb5 31. Ra3 Rb1 32. Bd1 Qb4 33. Rae3 a4 34. Bc2 Rxe1+ 35. Rxe1 Qxe1+ 36. Kh2 Ra8 37. Kh3 a3 38. Kh2 0-1

[Event "Scarborough CC-ch Reserves U1400"]
[Site "Toronto CAN"]
[Date "2012.03.22"]
[Round "1"]
[White "Pulogarajah, Kaarthic"]
[Black "Patel, Alay"]
[Result "1-0"]
[WhiteElo "998"]
[BlackElo "914"]
[PlyCount "81"]
[GameId "2160767909510236"]
[EventDate "2012.03.22"]
[EventType "swiss"]
[EventRounds "9"]
[EventCountry "CAN"]
[SourceTitle "EXT 2022"]
[Source "ChessBase"]
[SourceDate "2021.10.06"]
[SourceVersion "1"]
[SourceVersionDate "2021.10.06"]
[SourceQuality "1"]

1. e4 e6 2. d4 Nc6 3. Nf3 d5 4. Nc3 dxe4 5. Nxe4 Nf6 6. Bg5 Be7 7. Nxf6+ Bxf6 8. Bxf6 Qxf6 9. Bb5 Bd7 10. O-O O-O 11. c3 Qg6 12. d5 exd5 13. Qxd5 Bh3 14. Nh4 Qg4 15. Qf3 Qxh4 16. Qxh3 Qg5 17. Bxc6 bxc6 18. Rad1 Rab8 19. b4 c5 20. Qg3 Qg6 21. Qxc7 Qb6 22. Qxc5 Rfc8 23. Qxb6 Rxb6 24. Rd3 Rbc6 25. Rfd1 g6 26. Rc1 Re6 27. c4 Rce8 28. g3 Re1+ 29. Rxe1 Rxe1+ 30. Kg2 Re2 31. Ra3 Rc2 32. c5 Rc4 33. Ra4 f5 34. a3 Rg4 35. Rxa7 f4 36. c6 fxg3 37. c7 gxh2+ 38. Kxh2 Rc4 39. Ra8+ Kg7 40. c8=Q Rxc8 41. Rxc8 1-0

[Event "Scarborough CC-ch Reserves U1400"]
[Site "Toronto CAN"]
[Date "2012.03.22"]
[Round "1"]
[White "Yu, Tianxi"]
[Black "Maurer, Hans"]
[Result "0-1"]
[WhiteElo "954"]
[BlackElo "901"]
[PlyCount "66"]
[GameId "2160767909510237"]
[EventDate "2012.03.22"]
[EventType "swiss"]
[EventRounds "9"]
[EventCountry "CAN"]
[SourceTitle "EXT 2022"]
[Source "ChessBase"]
[SourceDate "2021.10.06"]
[SourceVersion "1"]
[SourceVersionDate "2021.10.06"]
[SourceQuality "1"]

1. e4 e5 2. Nf3 Nc6 3. d4 d6 4. d5 Nb8 5. Bb5+ Bd7 6. Bxd7+ Qxd7 7. c4 Nf6 8. Nc3 c6 9. O-O h6 10. Be3 Ng4 11. Qd3 g6 12. Bd2 Bg7 13. b4 a6 14. a4 a5 15. b5 O-O 16. Rab1 Qc8 17. h3 Nf6 18. g4 Nxg4 19. hxg4 Qxg4+ 20. Kh1 Nd7 21. Nh2 Qh4 22. Qf3 Nf6 23. bxc6 bxc6 24. Qg3 Qh5 25. dxc6 Rac8 26. f3 Rxc6 27. Nd5 Nxd5 28. cxd5 Rc4 29. Ra1 Rc2 30. Bxa5 f5 31. Bb4 Rf6 32. a5 f4 33. Qg4 Qxh2# 0-1

[Event "Scarborough CC-ch Reserves U1400"]
[Site "Toronto CAN"]
[Date "2012.03.29"]
[Round "2"]
[White "Azizi, Hamid"]
[Black "Balendra, Harigaran"]
[Result "1-0"]
[WhiteElo "1367"]
[BlackElo "1236"]
[PlyCount "175"]
[GameId "2160767909510238"]
[EventDate "2012.03.22"]
[EventType "swiss"]
[EventRounds "9"]
[EventCountry "CAN"]
[SourceTitle "EXT 2022"]
[Source "ChessBase"]
[SourceDate "2021.10.06"]
[SourceVersion "1"]
[SourceVersionDate "2021.10.06"]
[SourceQuality "1"]

1. f4 d5 2. Nf3 Nc6 3. b3 Bg4 4. e3 e6 5. Bb2 f6 6. Be2 Bf5 7. Bb5 Nge7 8. d3 a6 9. Bxc6+ Nxc6 10. O-O Bc5 11. Re1 Qd6 12. d4 Bb6 13. c3 O-O-O 14. Ba3 Qd7 15. Nbd2 Kb8 16. Qe2 Be4 17. Nxe4 dxe4 18. Nd2 f5 19. Rad1 h6 20. Nc4 Ba7 21. Kf1 g5 22. Qf2 Rdg8 23. Re2 Qd8 24. Rdd2 Qf6 25. Ke1 h5 26. Kd1 g4 27. Kc1 h4 28. g3 hxg3 29. hxg3 Rh3 30. Qg1 Rgh8 31. Rh2 Rxh2 32. Rxh2 Rxh2 33. Qxh2 b5 34. Ne5 Nxe5 35. fxe5 Qg7 36. Qh4 Qd7 37. Qh8+ Kb7 38. Bf8 Qd5 39. Qg7 Bb6 40. Qf7 Qc6 41. Kd2 Ba5 42. Bc5 Bb6 43. Bb4 Qd5 44. Kc2 Qc6 45. Kd2 Qd5 46. Bf8 Ba5 47. Bc5 Bb6 48. Bxb6 Kxb6 49. Qe7 Qc6 50. Kc2 a5 51. Kd2 Qd5 52. Qe8 Qc6 53. Qb8+ Qb7 54. Qe8 Qc6 55. Qb8+ Qb7 56. Qxb7+ Kxb7 57. c4 bxc4 58. bxc4 Kc6 59. Kc3 Kb6 60. d5 exd5 61. cxd5 Kc5 62. e6 Kd6 63. Kd4 c5+ 64. dxc6 Kxe6 65. c7 Kd7 66. c8=Q+ Kxc8 67. Ke5 Kd7 68. Kxf5 a4 69. a3 Ke7 70. Kxe4 Ke6 71. Kf4 Kd5 72. Kxg4 Ke4 73. Kg5 Kxe3 74. Kf5 Kd3 75. g4 Kc3 76. g5 Kb3 77. g6 Kxa3 78. g7 Kb2 79. g8=Q a3 80. Qg7+ Kb3 81. Qa1 a2 82. Ke4 Ka3 83. Kd3 Kb3 84. Kd4 Ka3 85. Kc3 Ka4 86. Qxa2+ Kb5 87. Qd5+ Kb6 88. Kc4 1-0

[Event "Scarborough CC-ch Reserves U1400"]
[Site "Toronto CAN"]
[Date "2012.03.29"]
[Round "2"]
[White "Deng, Yi"]
[Black "Pakerathan, Thurvan"]
[Result "1-0"]
[WhiteElo "1062"]
[BlackElo "947"]
[PlyCount "76"]
[GameId "2160767909510239"]
[EventDate "2012.03.22"]
[EventType "swiss"]
[EventRounds "9"]
[EventCountry "CAN"]
[SourceTitle "EXT 2022"]
[Source "ChessBase"]
[SourceDate "2021.10.06"]
[SourceVersion "1"]
[SourceVersionDate "2021.10.06"]
[SourceQuality "1"]

1. e4 e5 2. f4 exf4 3. d4 g5 4. Bc4 c6 5. d5 b5 6. Bb3 a5 7. a3 a4 8. Ba2 c5 9. Qe2 Qa5+ 10. Bd2 b4 11. Nf3 Qb6 12. O-O bxa3 13. bxa3 Ba6 14. c4 Qb2 15. Nc3 Bg7 16. Rab1 Qxa3 17. Rfc1 Bxc3 18. Bxc3 f6 19. Be1 g4 20. Rc3 Qxc3 21. Bxc3 gxf3 22. Qxf3 Ne7 23. Qxf4 Kf7 24. Qxf6+ Kg8 25. Qxh8+ Kf7 26. Rxb8 Rxb8 27. Qxb8 Ng6 28. Qc7 Ke8 29. Qa5 Bb7 30. Qxa4 Nf4 31. Kf2 Nd3+ 32. Ke3 Nc1 33. Qc2 Nxa2 34. Qxa2 h5 35. Qa7 Bc8 36. Qxc5 Bb7 37. e5 h4 38. g4 Kf7 1-0

[Event "Scarborough CC-ch Reserves U1400"]
[Site "Toronto CAN"]
[Date "2012.03.29"]
[Round "2"]
[White "Feng, Richard"]
[Black "Mendrinos, Ari"]
[Result "1/2-1/2"]
[WhiteElo "1022"]
[BlackElo "1298"]
[PlyCount "90"]
[GameId "2160767909510240"]
[EventDate "2012.03.22"]
[EventType "swiss"]
[EventRounds "9"]
[EventCountry "CAN"]
[SourceTitle "EXT 2022"]
[Source "ChessBase"]
[SourceDate "2021.10.06"]
[SourceVersion "1"]
[SourceVersionDate "2021.10.06"]
[SourceQuality "1"]

1. e4 c6 2. d4 d5 3. e5 Bf5 4. Nf3 e6 5. Be2 Ne7 6. O-O Ng6 7. Nc3 Be7 8. Be3 O-O 9. Qd2 Nd7 10. Rad1 f6 11. exf6 Nxf6 12. Bd3 Bxd3 13. Qxd3 Qc7 14. Ng5 Qd7 15. h3 Rae8 16. Rde1 Bd6 17. f4 Nh5 18. f5 exf5 19. Nf3 Ng3 20. Rf2 Ne4 21. Rfe2 Nxc3 22. bxc3 Nf4 23. Bxf4 Rxe2 24. Rxe2 Bxf4 25. c4 dxc4 26. Qxc4+ Qd5 27. Qa4 a6 28. Re7 Rb8 29. c4 Qd6 30. Re2 h6 31. d5 Rd8 32. c5 Qxd5 33. Qxf4 Qxc5+ 34. Kh2 Qd6 35. Re5 g6 36. Qxh6 Re8 37. Qe3 Rxe5 38. Nxe5 Kg7 39. g3 Kf6 40. Nc4 Qe6 41. Qc3+ Ke7 42. Qg7+ Qf7 43. Qe5+ Qe6 44. Qg7+ Qf7 45. Qe5+ Qe6 1/2-1/2

[Event "Scarborough CC-ch Reserves U1400"]
[Site "Toronto CAN"]
[Date "2012.03.29"]
[Round "2"]
[White "Lu, Leo"]
[Black "Marcelino, Daryl"]
[Result "1/2-1/2"]
[WhiteElo "918"]
[BlackElo "911"]
[PlyCount "37"]
[GameId "2160767909510241"]
[EventDate "2012.03.22"]
[EventType "swiss"]
[EventRounds "9"]
[EventCountry "CAN"]
[SourceTitle "EXT 2022"]
[Source "ChessBase"]
[SourceDate "2021.10.06"]
[SourceVersion "1"]
[SourceVersionDate "2021.10.06"]
[SourceQuality "1"]

1. e4 e5 2. Nf3 Qe7 3. Bc4 c6 4. d3 b5 5. Bb3 g6 6. d4 Bg7 7. d5 a5 8. a4 b4 9. d6 Qd8 10. Ng5 h6 11. Nxf7 Qh4 12. Qf3 Rh7 13. Nxe5 Nf6 14. Nxg6 Qxe4+ 15. Qxe4+ Nxe4 16. O-O Bd4 17. Kh1 Nxf2+ 18. Kg1 Nh3+ 19. Kh1 1/2-1/2

[Event "Scarborough CC-ch Reserves U1400"]
[Site "Toronto CAN"]
[Date "2012.03.29"]
[Round "2"]
[White "Magee, Bruce"]
[Black "Patel, Saiyam"]
[Result "1-0"]
[WhiteElo "858"]
[BlackElo "871"]
[PlyCount "37"]
[GameId "2160767909510242"]
[EventDate "2012.03.22"]
[EventType "swiss"]
[EventRounds "9"]
[EventCountry "CAN"]
[SourceTitle "EXT 2022"]
[Source "ChessBase"]
[SourceDate "2021.10.06"]
[SourceVersion "1"]
[SourceVersionDate "2021.10.06"]
[SourceQuality "1"]

1. e4 e5 2. Nf3 Nf6 3. Bc4 Bc5 4. O-O c6 5. d3 Qb6 6. Qd2 Ng4 7. d4 exd4 8. h3 Bb4 9. Qg5 d5 10. hxg4 dxc4 11. Qxg7 Rf8 12. Bh6 Bd6 13. Nbd2 Nd7 14. Nxc4 Bb8 15. Nxb6 axb6 16. Rfe1 Ra5 17. e5 f6 18. e6 Ne5 19. Qxf8# 1-0

[Event "Scarborough CC-ch Reserves U1400"]
[Site "Toronto CAN"]
[Date "2012.03.29"]
[Round "2"]
[White "Magee, Michael"]
[Black "Kaneshalingam, Mathanhe"]
[Result "0-1"]
[WhiteElo "950"]
[BlackElo "1114"]
[PlyCount "66"]
[GameId "2160767909510243"]
[EventDate "2012.03.22"]
[EventType "swiss"]
[EventRounds "9"]
[EventCountry "CAN"]
[SourceTitle "EXT 2022"]
[Source "ChessBase"]
[SourceDate "2021.10.06"]
[SourceVersion "1"]
[SourceVersionDate "2021.10.06"]
[SourceQuality "1"]

1. e4 c5 2. Nf3 Nc6 3. d4 cxd4 4. Nxd4 e5 5. Nxc6 bxc6 6. Nc3 Nf6 7. Be3 Bb4 8. Qd3 O-O 9. O-O-O Qc7 10. a3 Bxc3 11. Qxc3 Nxe4 12. Qd3 Nf6 13. h4 d5 14. f3 e4 15. Qe2 exf3 16. gxf3 Qg3 17. Bf2 Qf4+ 18. Be3 Qg3 19. Rd4 Qd6 20. Qg2 Re8 21. Bh6 g6 22. h5 Qe5 23. Rd1 Nxh5 24. f4 Nxf4 25. Bxf4 Qxf4+ 26. Kb1 Bg4 27. Rh4 h5 28. Rc1 Rab8 29. Ba6 Qf6 30. b3 Qxh4 31. a4 Bf5 32. Bf1 Rxb3+ 33. Ka2 Qxa4# 0-1

[Event "Scarborough CC-ch Reserves U1400"]
[Site "Toronto CAN"]
[Date "2012.03.29"]
[Round "2"]
[White "Mahoney, Sean"]
[Black "Paraparan, Varshini"]
[Result "0-1"]
[WhiteElo "958"]
[BlackElo "1141"]
[PlyCount "94"]
[GameId "2160767909510244"]
[EventDate "2012.03.22"]
[EventType "swiss"]
[EventRounds "9"]
[EventCountry "CAN"]
[SourceTitle "EXT 2022"]
[Source "ChessBase"]
[SourceDate "2021.10.06"]
[SourceVersion "1"]
[SourceVersionDate "2021.10.06"]
[SourceQuality "1"]

1. e4 e5 2. Nf3 Nc6 3. Bc4 Bc5 4. b3 Nf6 5. Ng5 O-O 6. Bb2 h6 7. Nf3 Nxe4 8. O-O d6 9. d3 Nf6 10. h3 Be6 11. Bxe6 fxe6 12. Nc3 Nh7 13. Ne4 Bb6 14. d4 exd4 15. Nxd4 Nxd4 16. Bxd4 Qh4 17. f3 Bxd4+ 18. Qxd4 d5 19. Qf2 Qxf2+ 20. Nxf2 Rf6 21. Ng4 Rg6 22. Rac1 Ng5 23. Rfd1 h5 24. Ne5 Nxh3+ 25. Kh2 Rg5 26. Re1 Nf4 27. g4 hxg4 28. Nxg4 d4 29. Rg1 Ne2 30. f4 Rh5+ 31. Kg2 Nxc1 32. Rxc1 Rf8 33. Kg3 Rhf5 34. Ne5 Rxf4 35. Rh1 Rf1 36. Rh4 R8f6 37. Rxd4 Rg1+ 38. Kh2 Rg5 39. Ng4 Rfg6 40. Kg3 Rd5 41. Rc4 c6 42. Rb4 a5 43. Re4 c5 44. Kh4 Rd4 45. Kh5 Rxe4 46. Kxg6 Rxg4+ 47. Kh5 Rg2 0-1

[Event "Scarborough CC-ch Reserves U1400"]
[Site "Toronto CAN"]
[Date "2012.03.29"]
[Round "2"]
[White "Maurer, Hans"]
[Black "Pulogarajah, Kaarthic"]
[Result "0-1"]
[WhiteElo "901"]
[BlackElo "998"]
[PlyCount "30"]
[GameId "2160767909510245"]
[EventDate "2012.03.22"]
[EventType "swiss"]
[EventRounds "9"]
[EventCountry "CAN"]
[SourceTitle "EXT 2022"]
[Source "ChessBase"]
[SourceDate "2021.10.06"]
[SourceVersion "1"]
[SourceVersionDate "2021.10.06"]
[SourceQuality "1"]

1. e4 e5 2. Nf3 Nc6 3. d4 exd4 4. Nxd4 Nxd4 5. Qxd4 Nf6 6. Nc3 h6 7. e5 c5 8. Qe3 Ng4 9. Qf4 d6 10. h3 Nxe5 11. b3 Qe7 12. Ne4 f5 13. Bb5+ Kd8 14. Nc3 Nd3+ 15. Kf1 Qe1# 0-1

[Event "Scarborough CC-ch Reserves U1400"]
[Site "Toronto CAN"]
[Date "2012.03.29"]
[Round "2"]
[White "Roy, Harrison"]
[Black "Yu, Tianxi"]
[Result "1-0"]
[WhiteElo "827"]
[BlackElo "954"]
[PlyCount "41"]
[GameId "2160767909510246"]
[EventDate "2012.03.22"]
[EventType "swiss"]
[EventRounds "9"]
[EventCountry "CAN"]
[SourceTitle "EXT 2022"]
[Source "ChessBase"]
[SourceDate "2021.10.06"]
[SourceVersion "1"]
[SourceVersionDate "2021.10.06"]
[SourceQuality "1"]

1. e4 e5 2. Nf3 Nf6 3. Nxe5 d6 4. Nf3 Nxe4 5. d4 g6 6. Qe2 d5 7. Nc3 Bg4 8. Nxe4 Bxf3 9. Qxf3 dxe4 10. Qxe4+ Qe7 11. f3 Qxe4+ 12. fxe4 Bg7 13. c3 O-O 14. Bc4 Nd7 15. O-O c5 16. Be3 cxd4 17. Bxd4 Rfc8 18. Rxf7 Rxc4 19. Rxg7+ Kf8 20. Rxd7 Re8 21. Rf1+ 1-0

[Event "Scarborough CC-ch Reserves U1400"]
[Site "Toronto CAN"]
[Date "2012.03.29"]
[Round "2"]
[White "Roy, Lawrence"]
[Black "Thanabalachandran, Luxiga"]
[Result "1-0"]
[WhiteElo "1020"]
[BlackElo "874"]
[PlyCount "91"]
[GameId "2160767909510247"]
[EventDate "2012.03.22"]
[EventType "swiss"]
[EventRounds "9"]
[EventCountry "CAN"]
[SourceTitle "EXT 2022"]
[Source "ChessBase"]
[SourceDate "2021.10.06"]
[SourceVersion "1"]
[SourceVersionDate "2021.10.06"]
[SourceQuality "1"]

1. e4 e6 2. d4 d5 3. exd5 exd5 4. Nf3 Nc6 5. Nc3 Nf6 6. Bg5 Be7 7. Qe2 O-O 8. O-O-O h6 9. Bh4 Bg4 10. h3 Bf5 11. g4 Be4 12. g5 hxg5 13. Bxg5 Bxf3 14. Qxf3 Nd7 15. Bxe7 Qxe7 16. Nxd5 Qg5+ 17. Kb1 Qh4 18. Bd3 Nxd4 19. Qe4 Qxe4 20. Bxe4 c5 21. c3 Rfe8 22. Nc7 Rad8 23. Nxe8 Rxe8 24. Bxb7 Rb8 25. Be4 Re8 26. f3 Nxf3 27. Bxf3 Nf6 28. a4 a5 29. Rd6 Re3 30. Bd1 Re8 31. Bc2 Ra8 32. Rhd1 Kf8 33. Rd8+ Rxd8 34. Rxd8+ Ke7 35. Ra8 g5 36. Rxa5 Kd6 37. Bb3 Ke7 38. Rxc5 g4 39. hxg4 Nxg4 40. a5 Kf6 41. a6 Kg6 42. a7 f5 43. a8=Q f4 44. Qa6+ Kg7 45. Rc7+ Kf8 46. Qa8# 1-0

[Event "Scarborough CC-ch Reserves U1400"]
[Site "Toronto CAN"]
[Date "2012.03.29"]
[Round "2"]
[White "Souchko, Larissa"]
[Black "Liang, Hairan"]
[Result "1-0"]
[WhiteElo "1054"]
[BlackElo "834"]
[PlyCount "113"]
[GameId "2160767909510248"]
[EventDate "2012.03.22"]
[EventType "swiss"]
[EventRounds "9"]
[EventCountry "CAN"]
[SourceTitle "EXT 2022"]
[Source "ChessBase"]
[SourceDate "2021.10.06"]
[SourceVersion "1"]
[SourceVersionDate "2021.10.06"]
[SourceQuality "1"]

1. e4 e5 2. Nf3 d5 3. Nxe5 Bd6 4. d4 dxe4 5. Nc3 Bxe5 6. dxe5 Qxd1+ 7. Nxd1 Nc6 8. Bb5 Nge7 9. Nc3 Bf5 10. Be3 a6 11. Bxc6+ bxc6 12. O-O O-O 13. h3 Rab8 14. b3 Rfe8 15. g4 Bg6 16. Rad1 h6 17. Rd4 Rbd8 18. Rc4 f5 19. exf6 gxf6 20. Nxe4 Bxe4 21. Rxe4 Nd5 22. Rxe8+ Rxe8 23. Bxh6 Nb4 24. a4 Nxc2 25. Rd1 Re6 26. Rd8+ Kh7 27. Bf4 c5 28. Rc8 Nd4 29. Bxc7 Nxb3 30. Bd8 Re1+ 31. Kg2 Re6 32. Ra8 c4 33. Rc8 Nd2 34. Rc5 Kg6 35. h4 Re5 36. Rc6 Re4 37. Rxf6+ Kg7 38. Kh3 c3 39. Rc6 Rc4 40. Bf6+ Kf7 41. Rxc4 Nxc4 42. Bxc3 Kg6 43. f4 Ne3 44. h5+ Kh6 45. Bf6 Nd5 46. Bg5+ Kg7 47. f5 Nb6 48. a5 Nc4 49. Bd8 Ne5 50. Kg3 Nc6 51. Bc7 Ne7 52. Be5+ Kf7 53. h6 Kg8 54. Kh4 Kh7 55. Kh5 Ng8 56. g5 Ne7 57. g6+ 1-0

[Event "Scarborough CC-ch Reserves U1400"]
[Site "Toronto CAN"]
[Date "2012.04.05"]
[Round "3"]
[White "Balendra, Harigaran"]
[Black "Magee, Michael"]
[Result "1-0"]
[WhiteElo "1236"]
[BlackElo "950"]
[PlyCount "103"]
[GameId "2160767909510249"]
[EventDate "2012.03.22"]
[EventType "swiss"]
[EventRounds "9"]
[EventCountry "CAN"]
[SourceTitle "EXT 2022"]
[Source "ChessBase"]
[SourceDate "2021.10.06"]
[SourceVersion "1"]
[SourceVersionDate "2021.10.06"]
[SourceQuality "1"]

1. e4 c5 2. Nf3 Nc6 3. d4 cxd4 4. Nxd4 g6 5. Bc4 Bg7 6. Nxc6 bxc6 7. Qf3 e6 8. Nc3 Ne7 9. O-O O-O 10. Bf4 Bb7 11. Bd6 Re8 12. e5 Nf5 13. Ne4 Nxd6 14. Nxd6 Rf8 15. Nxb7 Qb6 16. Nd6 Qxb2 17. Bb3 Bxe5 18. Nc4 Qc3 19. Qxc3 Bxc3 20. Rad1 d5 21. Nd2 a5 22. a4 Rfb8 23. Nb1 Bf6 24. Rd3 c5 25. c4 dxc4 26. Bxc4 Rb4 27. Bb5 Rc8 28. Nd2 Rd4 29. Nf3 Rxd3 30. Bxd3 c4 31. Bc2 c3 32. Rd1 e5 33. Rd6 Kg7 34. h3 Rb8 35. Rc6 e4 36. Bxe4 Rb2 37. Rc4 Kg8 38. g4 Bg7 39. Ne1 f5 40. gxf5 gxf5 41. Bxf5 h6 42. Bg6 Bf6 43. Rc6 Kg7 44. Bd3 Rd2 45. Bc2 Bd4 46. Rg6+ Kh7 47. Rg3+ Kh8 48. Rg2 h5 49. Kf1 h4 50. Bb3 Kh7 51. Nf3 Rd3 52. Bc2 1-0

[Event "Scarborough CC-ch Reserves U1400"]
[Site "Toronto CAN"]
[Date "2012.04.05"]
[Round "3"]
[White "Kaneshalingam, Mathanhe"]
[Black "Maurer, Hans"]
[Result "1/2-1/2"]
[WhiteElo "1114"]
[BlackElo "901"]
[PlyCount "63"]
[GameId "2160767909510250"]
[EventDate "2012.03.22"]
[EventType "swiss"]
[EventRounds "9"]
[EventCountry "CAN"]
[SourceTitle "EXT 2022"]
[Source "ChessBase"]
[SourceDate "2021.10.06"]
[SourceVersion "1"]
[SourceVersionDate "2021.10.06"]
[SourceQuality "1"]

1. d4 f5 2. c4 e6 3. Nc3 Nf6 4. Nf3 h6 5. e3 Nc6 6. Bd3 g6 7. b3 d5 8. Bb2 Bg7 9. Qc2 O-O 10. O-O a6 11. h3 Qd6 12. a3 b6 13. Nh2 e5 14. dxe5 Nxe5 15. Nxd5 Bb7 16. Bxe5 Qxe5 17. Nxf6+ Bxf6 18. Rad1 Rad8 19. Qe2 Be7 20. f4 Qc5 21. a4 Rde8 22. Nf3 Bd6 23. Nh2 Rxe3 24. Qf2 Qc6 25. Rd2 Bxf4 26. Qxf4 Rxd3 27. Qxh6 Qc5+ 28. Kh1 Rxd2 29. Qxg6+ Kh8 30. Qh6+ Kg8 31. Qg6+ Kh8 32. Qh6+ 1/2-1/2